| 000 | 00737nam a22002777a 4500 | ||
|---|---|---|---|
| 005 | 20260319121322.0 | ||
| 008 | 190924b2019 xxu||||| |||| 00| 0 spa d | ||
| 020 | _a9789587717341 | ||
| 041 | _aESP | ||
| 082 | _a364.17 M357a | ||
| 100 |
_aMárquez Arcila, René Humberto _956141 |
||
| 245 | _aAuditoría forense | ||
| 260 | _aColombia | ||
| 260 | _bEcoe Ediciones | ||
| 260 | _c2019 | ||
| 300 | _a211 páginas | ||
| 490 | _aInvestigación Criminal | ||
| 650 | _aAUDITORÍA FORENSE | ||
| 650 | _aDELITOS DE CUELLO BLANCO | ||
| 650 | _aAUDITORÍA ADMINISTRATIVA | ||
| 650 | _aEVALUACIÓN DEL RIESGO | ||
| 650 | _aMETODOLOGÍA DE AUDITORÍA FORENSE | ||
| 650 | _aFRAUDE | ||
| 650 | _aCORRUPCIÓN | ||
| 942 |
_cBK _2ddc |
||
| 999 |
_c12358 _d12358 |
||